| 000 | 00861nam a22002777a 4500 | ||
|---|---|---|---|
| 999 |
_c354 _d354 |
||
| 001 | 003577 | ||
| 003 | CoMeUDC003577 | ||
| 005 | 20181211233611.0 | ||
| 008 | 130821s1989 ck gr spa | ||
| 020 | _a958601181X | ||
| 040 |
_aCo-BoUCM _bspa _cCoMeUDC |
||
| 041 | 0 | _aspa | |
| 082 | 0 | 4 |
_a336.3435 _220 _bO15c |
| 100 | 1 |
_aOcampo, José Antonio _948091 |
|
| 245 | 1 | 0 |
_aColombia y la deuda externa / _cJosé Antonio Ocampo, Eduardo Lora Torres. |
| 250 | _aSegunda edición | ||
| 260 |
_aBogotá (Colombia) : _bTercer Mundo , _c1989. |
||
| 300 | _a174 páginas | ||
| 490 | _aEconomía | ||
| 650 | 0 | 4 |
_aDeuda externa _97514 |
| 650 | 0 | 4 |
_aFinanzas internacionales _915897 |
| 650 | 0 | 4 |
_aFinanzas _97628 |
| 651 |
_aColombia _xAspectos económicos _926606 |
||
| 700 | 1 |
_aLora Torres, Eduardo _937868 |
|
| 942 |
_cBK _a7 _e2 _mO15 _2ddc _h336.3435 |
||